000 01023cam a2200301Ia 4500
001 171547070
003 OSt
005 20180829162632.0
008 070910s2008 ne a b 001 0 eng
015 _aGBA772535
_2bnb
020 _a9780121602406 (hbk.)
020 _a0121602400 (hbk.)
040 _aUKM
_cUKM
_dBAKER
_dYDXCP
_dOHX
_dWYU
_dCLU
082 0 4 _a571.015118
_222
_bCCI
090 _aQP33.6.M36
_bC634 2008
090 _aQP33.6.M36
_bC634 2008
100 1 _aCobelli, Claudio
_964449
245 1 0 _aIntroduction to modeling in physiology and medicine /
_cClaudio Cobelli and Ewart Carson
250 _a1st ed
260 _aAmsterdam ;
_aBoston :
_bAcademic Press,
_c2008
300 _axii, 324 p. :
_bill. ;
_c25 cm
440 0 _aAcademic Press series in biomedical engineering
_964450
504 _aIncludes bibliographical references and index
650 0 _aPhysiology
_xMathematical models
_941885
650 0 _aMedicine
_xMathematical models
_964451
700 1 _aCarson, Ewart R
_964452
942 _2ddc
_cBOOK
999 _c42656
_d312276